Trempírny a jiné kousky

Corporate Author: Šlapeto (hudební skupina)
Language: Czech
Published: Praha : Monitor-EMI, p1998
Physical Description: 1 MC : Dolby systém + 1 slož. list.
Audio
Saved in:
LEADER 01798njm a2200517 a 4500
001 000390378
003 CZ BrMZK
005 19980105143423.0
008 980105s1998 xr f cze d
028 0 3 |a 4 97477 4  |b Monitor-EMI 
040 |a BOA001  |b cze 
080 |a 784.4(086.7)  |2 MRF 
110 2 |a Šlapeto (hudební skupina)  |7 kn20010710323  |4 prf 
245 1 0 |a Trempírny a jiné kousky  |h [zvukový záznam] /  |c Šlapeto. 
246 3 3 |a Když mě má panenka nechce ráda mít 
246 3 3 |a Když člověk přichází do let 
246 3 3 |a Po Palackým mostě vedou koleje 
246 3 3 |a Překrásná píseň o svini a pávu 
246 3 3 |a Strejda z Čabůz 
246 3 3 |a Tulák 
246 3 3 |a U Zvonu je candrbál 
246 3 3 |a Výlet do ZOO 
246 3 3 |a Výlet na Křivoklát 
246 3 3 |a Švestková alej 
246 3 3 |a Babička Mary 
246 3 3 |a Bábrlinka z Podskalí 
246 3 3 |a Co to jen ty trempy napadá?! 
246 3 3 |a Houby, houby, houby 
246 3 3 |a Jackova píseň 
246 3 3 |a Jo, Marta je Marta 
246 3 3 |a Já mám dnes o sklo víc 
246 3 3 |a Já mám žábu buclatou 
246 3 3 |a Když dvě blond děvy 
246 3 3 |a Když jsem byl na Letné v bále 
260 |a Praha :  |b Monitor-EMI,  |c p1998 
300 |a 1 MC :  |b Dolby systém +  |e 1 slož. list. 
306 |a 010326 
500 |a Texty někt. písní v doprovod. mater. 
500 |a Nahr. 1998 
500 |a Durata 63:26 
505 2 |a Po Palackým mostě vedou koleje, Co to jen ty trempy napadá?!, Výlet do ZOO...[et al.] 
653 0 |a městský folklor(hudeb.)  |a zlidovělé písně 
910 |a BOA001  |b KZ-0006.869 
964 |a Písně zlidovělé  |x MC 
990 |a AV 
996 6 |b 261H007298  |c KZ-0006.869  |l MZK  |r Sklad / do 24 hodin  |n 0  |p p.v.  |w 000390378  |u 000010  |a 1  |e BOA001  |j MZK50  |s P